Statistiche per Riconosci il Pianeta

Clicka qui per fare il quiz!

Statistiche generali

  • Questo quiz è stato fatto 35 volte
  • Il punteggio medio è 8 su 8

Statistiche sulle risposte

Risposta% Corretto
Terra
100%
Giove
97%
Marte
97%
Saturno
97%
Venere
97%
Mercurio
93%
Nettuno
90%
Urano
86%

Distribuzione punteggi

Percentile per numero di risposta

Percentuale di utenti per punteggio

I tuoi punteggi nel tempo

Non hai fatto questo quiz